000 00483nam a2200169Ia 4500
003 GCL
008 140319s9999 xx 000 0 eng d
040 _aGCL /
_cGCL
082 0 4 _a004.360684
_bG A
100 1 _aLAKELAND, J.R
245 1 0 _aA METHODOLOGY FOR DEVELOPING AND DEPLOYING INTERNET AND INTERANET SOLUTIONS /
_cLAKELAND, J.R
700 1 _aGREENBERG, JEFF R
260 _a[S.N] :
_bPRENTICE HALL PTR ،
_c1998
300 _a320 P
650 0 4 _aINTERNET
942 _2ddc
_cBK
999 _c16491
_d16491